| 000 | 01516nam a2200433 i 4500 | ||
|---|---|---|---|
| 001 | 52860 | ||
| 003 | KOSZ 005 | ||
| 005 | 20220505100058.0 | ||
| 008 | 061128s2006 pl a |000 0 pol | ||
| 015 | _aUWD 2007/2428 | ||
| 020 | _a8372415692 | ||
| 020 | _a9788372415691 | ||
| 035 | _a991032251629705066 | ||
| 035 | _a(PL-WaBN)b18657217-48omnis_nlop | ||
| 035 | _ab18657217 | ||
| 035 | _a(OCoLC)749195084 | ||
| 035 | _azz2006930918 | ||
| 035 | _a(PL)b0000001865721 | ||
| 035 | _a(EXLNZ-48OMNIS_NETWORK)9910360381005606 | ||
| 040 |
_aWA N _cWA N _dKOSZ 005/HR |
||
| 046 | _k2006 | ||
| 080 | _a339.3:077 | ||
| 245 | 0 | 0 |
_aPodstawy e-biznesu / _cpod red. nauk. Agnieszki Szewczyk ; Uniwersytet Szczeciński ; [aut. rozdz. Agnieszka Szewczyk et al.]. |
| 260 |
_aSzczecin : _bWydawnictwo Naukowe Uniwersytetu Szczecińskiego, _c2006. |
||
| 300 |
_a162, [1] s. : _bil. ; _c24 cm. |
||
| 336 |
_aTekst _btxt _2rdacontent |
||
| 337 |
_aBez urządzenia pośredniczącego _bn _2rdamedia |
||
| 338 |
_aWolumin _bnc _2rdacarrier |
||
| 380 | _aKsiążki | ||
| 388 | _a2001- | ||
| 504 | _aBibliogr. s. 157-162. | ||
| 650 | 7 |
_aHandel elektroniczny _2DBN |
|
| 658 | _aGospodarka, ekonomia, finanse | ||
| 700 | 1 |
_aSzewczyk, Agnieszka _d(1952- ) _eRedakcja |
|
| 710 | 2 |
_aWydawnictwo Naukowe Uniwersytetu Szczecińskiego _4pbl |
|
| 856 |
_uhttp://koha.tu.koszalin.pl/cgi-bin/koha/opac-detail.pl?biblionumber=52860 _yKatalog online BPK |
||
| 942 |
_2UKD _cKS |
||
| 999 |
_c52860 _d52860 |
||